000 00526nam a22001937a 4500
003 KOHA_MİRAKIL
005 20260330105045.0
008 260330b tu ||||| |||| 00| 0 tur d
020 _a9758593463
040 _aTR-AnABB
_btur
_cTR-AnABB
041 _atur
082 _a370.15
_bTEK 2003
100 1 _aTekeli, İlhan
245 1 0 _aeğitim üzerine düşünmek /
_cİlhan Tekeli
260 _aAnkara :
_bTÜBİTAK,
_c2003
300 _a95 sayfa :
_c20 cm
650 0 4 _aEğitim psikolojisi
942 _2ddc
_cBK
999 _c10076
_d10076
900 _bCem ÖZOGLU